Durchgehende Betreuung als zentrale Aufgabe ambulanter Straffälligenhilfe

Guardado en:  
Detalles Bibliográficos
Autor principal: Rest, Jutta (Autor)
Tipo de documento: Print Libro
Lenguaje:Alemán
Publicado: Frankfurt am Main Inst. für Sozialarbeit und Sozialpädagogik 1982
En: ISS-Arbeitshefte (2)
Año: 1982
Availability in Albert-Krebs Library:PG.00.017
2014-125
Verificar disponibilidad: HBZ Gateway
Servicio de pedido Subito: Pedir ahora.
Palabras clave:

MARC

LEADER 00000cam a2200000 c 4500
001 161418478X
003 DE-627
005 20260206160041.0
007 tu
008 930603s1982 gw ||||| 00| ||ger c
015 |a 83,B24,0082  |2 dnb 
016 7 |a 831143703  |2 DE-101 
020 |a 388493502X  |9 3-88493-502-X 
035 |a (DE-627)161418478X 
035 |a (DE-603)076268233 
035 |a (DE-576)033581363 
035 |a (DE-599)DNB831143703 
035 |a (OCoLC)74645296 
035 |a (OCoLC)74645296 
040 |a DE-627  |b ger  |c DE-627  |e rakwb 
041 |a ger 
044 |c XA-DE 
084 |a 14  |2 sdnb 
084 |a 14  |a 19  |2 sdnb 
084 |a 2,1  |2 ssgn 
084 |a CW 6900  |2 rvk  |0 (DE-625)rvk/19198: 
084 |a PH 5290  |2 rvk  |0 (DE-625)rvk/136198: 
084 |a MS 6470  |2 rvk  |0 (DE-625)rvk/123756: 
084 |a DS 7700  |2 rvk  |0 (DE-625)rvk/19971: 
100 1 |a Rest, Jutta  |4 aut 
245 1 0 |a Durchgehende Betreuung als zentrale Aufgabe ambulanter Straffälligenhilfe  |c Jutta Rest 
264 1 |a Frankfurt am Main  |b Inst. für Sozialarbeit und Sozialpädagogik  |c 1982 
300 |a 69 S  |b graph. Darst. 
336 |a Text  |b txt  |2 rdacontent 
337 |a ohne Hilfsmittel zu benutzen  |b n  |2 rdamedia 
338 |a Band  |b nc  |2 rdacarrier 
490 1 |a ISS-Arbeitshefte  |v 2 
500 |a Literaturverzeichnis Seite 68 
583 1 |a Archivierung prüfen  |c 20240324  |f DE-4165  |z 3  |2 pdager 
650 0 7 |0 (DE-588)4057788-0  |0 (DE-627)104540796  |0 (DE-576)209123710  |a Strafgefangener  |2 gnd 
650 0 7 |0 (DE-588)4201135-8  |0 (DE-627)104417218  |0 (DE-576)210139935  |a Betreuung  |2 gnd 
650 0 7 |0 (DE-588)4122370-6  |0 (DE-627)105762970  |0 (DE-576)209550805  |a Straffälligenhilfe  |2 gnd 
650 0 7 |0 (DE-588)4055676-1  |0 (DE-627)106157159  |0 (DE-576)209114959  |a Sozialarbeit  |2 gnd 
650 4 |a Straffälligenhilfe  |x Durchgehende Betreuung  |7 (dpeaa)DE-2619 
650 4 |a Entlassenenhilfe  |7 (dpeaa)DE-2619 
650 4 |a Straffälligenhilfe  |7 (dpeaa)DE-2619 
650 4 |a Gefängnisfürsorge 
651 7 |0 (DE-588)4011889-7  |0 (DE-627)104732423  |0 (DE-576)208896201  |a Deutschland  |g Bundesrepublik  |2 gnd 
689 0 0 |d s  |0 (DE-588)4122370-6  |0 (DE-627)105762970  |0 (DE-576)209550805  |a Straffälligenhilfe  |2 gnd 
689 0 |5 (DE-627) 
689 1 0 |d s  |0 (DE-588)4057788-0  |0 (DE-627)104540796  |0 (DE-576)209123710  |a Strafgefangener  |2 gnd 
689 1 1 |d s  |0 (DE-588)4201135-8  |0 (DE-627)104417218  |0 (DE-576)210139935  |a Betreuung  |2 gnd 
689 1 |5 (DE-627) 
810 2 |a Institut für Sozialarbeit und Sozialpädagogik  |t ISS-Arbeitshefte  |v 2  |9 200  |w (DE-627)166614440  |w (DE-576)015074986  |w (DE-600)232500-7  |x 0177-817X  |7 am 
889 |w (DE-576)9024522862 
889 |w (DE-627)024522864 
935 |a mkri 
935 |i mdedup 
936 r v |a CW 6900  |b Heimbewohner (Kinderheim, Altenheim usw.), Internierung, Sozialhilfe, Verwahrlosung, Strafvollzug  |k Psychologie  |k Angewandte Psychologie  |k Heimbewohner (Kinderheim, Altenheim usw.), Internierung, Sozialhilfe, Verwahrlosung, Strafvollzug  |0 (DE-627)1271559188  |0 (DE-625)rvk/19198:  |0 (DE-576)201559188 
936 r v |a PH 5290  |b Strafaussetzung, Bewährungshilfe  |k Rechtswissenschaft  |k Strafrecht, Strafverfahrensrecht, Kriminologie  |k Strafvollzug  |k Strafaussetzung, Bewährungshilfe  |0 (DE-627)1272237338  |0 (DE-625)rvk/136198:  |0 (DE-576)202237338 
936 r v |a MS 6470  |b Sozialarbeit; Hilfsorganisation, Rehabilitation, Sozialpädagogik, Resozialisierung, Bewährungshilfe  |k Soziologie  |k Spezielle Soziologien  |k Soziale Probleme  |k Sozialarbeit; Hilfsorganisation, Rehabilitation, Sozialpädagogik, Resozialisierung, Bewährungshilfe  |0 (DE-627)1270651951  |0 (DE-625)rvk/123756:  |0 (DE-576)200651951 
936 r v |a DS 7700  |b Kriminalpädagogik, Resozialisierung, Straffälligenhilfe (Erwachsene)  |k Pädagogik  |k Sozialpädagogik, Sozialarbeit  |k Berufsfelder  |k Kriminalpädagogik, Resozialisierung, Straffälligenhilfe (Erwachsene)  |0 (DE-627)1270784579  |0 (DE-625)rvk/19971:  |0 (DE-576)200784579 
936 s n |a c200  |2 mzub 
936 s n |a d100  |2 mzub 
936 s n |a m200  |2 mzub 
936 s n |a p100  |2 mzub 
951 |a BO 
ELC |b 1 
LOK |0 000 xxxxxcx a22 zn 4500 
LOK |0 001 3181540323 
LOK |0 003 DE-627 
LOK |0 004 161418478X 
LOK |0 005 20020607000000 
LOK |0 008 930603||||||||||||||||ger||||||| 
LOK |0 040   |a DE-21-110  |c DE-627  |d DE-21-110 
LOK |0 852   |z 2 Expl. 
LOK |0 852   |a DE-21-110 
LOK |0 852 1  |c P VII 170  |m p  |9 00 
LOK |0 935   |a k110 
LOK |0 936ln  |a 13.3 
LOK |0 938   |k p 
LOK |0 939   |a 03-06-93  |b l01 
LOK |0 000 xxxxxcx a22 zn 4500 
LOK |0 001 318154051X 
LOK |0 003 DE-627 
LOK |0 004 161418478X 
LOK |0 005 20181218084805 
LOK |0 008 181218||||||||||||||||ger||||||| 
LOK |0 040   |a DE-Frei85  |c DE-627  |d DE-Frei85 
LOK |0 852   |a DE-Frei85 
LOK |0 852 1  |m p  |9 00 
LOK |0 938   |k p 
LOK |0 939   |a 18-12-18  |b l01 
LOK |0 000 xxxxxcx a22 zn 4500 
LOK |0 001 4196232000 
LOK |0 003 DE-627 
LOK |0 004 161418478X 
LOK |0 005 20221112204344 
LOK |0 008 221011||||||||||||||||ger||||||| 
LOK |0 035   |a (DE-2619)k00097 
LOK |0 040   |a DE-2619  |c DE-627  |d DE-2619 
LOK |0 092   |o n 
LOK |0 541   |e Bestand Albert-Krebs-Bibliothek: 2014-125 
LOK |0 852   |a DE-2619 
LOK |0 852 1  |c PG.00.017  |m p  |9 00 
LOK |0 935   |a kreb 
LOK |0 938   |k p 
LOK |0 939   |a 11-10-22  |b l01 
ORI |a SA-MARC-krimdoka001.raw